000 00675nam a22001937a 4500
003 AM-YeHGA
005 20250617154801.0
008 190108s ||||| |||| 00| 0 rus d
040 _aAM-YeHGA
041 0 _arus
100 1 _aФильберт, Вячеслав Александрович
245 1 0 _aАкадемик живописи И. С. Куликов /
_cВ. Фильберт.
260 _aВладимир :
_bКн. изд-во,
_c1955.
300 _a20 с. :
_b[9] л. ил.
600 1 4 _aКуликов, Иван Семенович
653 0 _aРусское изобразительное искусство
942 _2udc
_cBK
090 _c422033
999 _c419636
_d419636